Fr. Conceicao Rodrigues College of Engineering

Napoleon (Record no. 33752)

MARC details
000 -LEADER
fixed length control field 00335nam a2200169Ia 4500
082 ## - DEWEY DECIMAL CLASSIFICATION NUMBER
Item number LUD
100 ## - MAIN ENTRY--PERSONAL NAME
Personal name Ludwig/Emil
245 ## - TITLE STATEMENT
Title Napoleon
260 ## - PUBLICATION, DISTRIBUTION, ETC.
Name of publisher, distributor, etc. Jaico Publishing House
Date of publication, distribution, etc. 2016
366 ## - TRADE AVAILABILITY INFORMATION
Publishers's discount category 25
300 ## - PHYSICAL DESCRIPTION
Extent 636
546 ## - LANGUAGE NOTE
Language note ENGLISH
-- Computers
650 ## - SUBJECT ADDED ENTRY--TOPICAL TERM
Topical term or geographic name entry element Napoleon
654 ## - SUBJECT ADDED ENTRY--FACETED TOPICAL TERMS
Focus term napoleon
942 ## - ADDED ENTRY ELEMENTS (KOHA)
Koha item type BOOK
Holdings
Withdrawn status Lost status Damaged status Not for loan Collection Home library Current library Date acquired Source of acquisition Cost, normal purchase price Inventory number Total Checkouts Total Renewals Full call number Barcode Date last seen Date last checked out Cost, replacement price Price effective from Koha item type
        CRC Fr. Agnel's C.Rodrigues College of Engineering Fr. Agnel's C.Rodrigues College of Engineering 17/03/2023 Allied Publishers 262.50 862 dt 30.12.2016 2 1 LUD 24444 12/04/2024 24/01/2024 350.00   BOOK